000 00467nam a2200181Ia 4500
001 16802
005 20260306170337.0
008 260306t2010||||xx |||||||||||||| ||und||
041 _aESP
082 _a657
_bO73
100 _aOrtega SalavarrĂ­a, Rosa
_eAUT
245 0 _aLibros y registros:
_bformatos adecuados al PCGE estados financieros
260 _c2010
300 _a324 páginas :
_c24 cm.
650 _aGEN
654 _aCCO
942 _cLIB
_dJUS
_fJUS
_2ddc
_n
999 _c16802
_d16802